Statystyki dla Wszystkie Flagi Azji

Kliknij tutaj aby rozwiązać quiz!

Ogólne statystyki

  • Ten quiz został rozwiązany 270 razy
  • Średni wynik to 40 z 56

Statystyki odpowiedzi

Odpowiedź% Poprawnych
Kazachstan
98%
Cypr
96%
Arabia Saudyjska
95%
Chiny
95%
Japonia
95%
Gruzja
94%
Bangladesz
92%
Izrael
92%
Katar
92%
Korea Północna
92%
Indonezja
91%
Iran
91%
Filipiny
90%
Indie
90%
Korea Południowa
89%
Sri Lanka
88%
Armenia
87%
Irak
87%
Bhutan
86%
Turcja
86%
Malezja
85%
Azerbejdżan
84%
Liban
83%
Kambodża
82%
Nepal
82%
Wietnam
82%
Kirgistan
78%
Pakistan
78%
Afganistan
77%
Turkmenistan
76%
Jemen
75%
Bahrajn
74%
Mongolia
74%
Laos
73%
Syria
73%
Singapur
72%
Tajlandia
72%
Brunei
71%
Kuwejt
71%
Uzbekistan
71%
Malediwy
70%
Zjednoczone Emiraty Arabskie
70%
Jordania
69%
Tajwan
68%
Mjanma
64%
Tadżykistan
64%
Timor Wschodni
64%
Oman
63%
Palestyna
34%
Wyspy Kokosowe
25%
Cypr Północny
21%
Abchazja
15%
Wyspa Bożego Narodzenia
14%
Górski Karabach
13%
Osetia Południowa
12%
Brytyjskie Terytorium Oceanu Indyjskiego
9%

Rozkład punktacji

Percentyl według liczby udzielonych odpowiedzi

Procent ludzi z każdym wynikiem

Twoja historia wyników

Nie rozwiązałeś tego quizu